00812nam a2200193Ia 4500100002800000942000700028654000900035245003000044260002700074082001500101300000800116546001200124999001700136952009300153952009300246952009300339952009300432952009300525 aDent/Jack/ Tony/Gaddis  cBK aunix aGuide to UNIX using LINUX bThomsan Learningc2001 a5.133bDEN a552 aENGLISH c34526d34526 001040708CRCaCRCEbCRCEd2023-03-17l0o5.133 DENp14224r2023-03-17w2023-03-17yBK 001040708CRCaCRCEbCRCEd2023-03-17l0o5.133 DENp14225r2023-03-17w2023-03-17yBK 001040708CRCaCRCEbCRCEd2023-03-17l0o5.133 DENp14226r2023-03-17w2023-03-17yBK 001040708CRCaCRCEbCRCEd2023-03-17l0o5.133 DENp14227r2023-03-17w2023-03-17yBK 001040708CRCaCRCEbCRCEd2023-03-17l0o5.133 DENp14228r2023-03-17w2023-03-17yBK